[Event "International Championship of Central S"]
[Site "Paracin"]
[Date "2014.07.05"]
[Round "3.1"]
[White "Milosevic, Rade"]
[Black "Injac, Teodora"]
[Result "1-0"]
[WhiteElo "2100"]
[BlackElo "1984"]
[PlyCount "143"]
[EventDate "2014.07.04"]

1. Nf3 Nf6 2. c4 g6 3. Nc3 Bg7 4. e4 d6 5. d4 O-O 6. h3 Na6 7. Be3 e5 8. Be2
exd4 9. Nxd4 Nc5 10. f3 Nh5 11. O-O Ng3 12. Rf2 a5 13. Bf1 Nxf1 14. Rxf1 c6 15.
Qd2 Qb6 16. Rfd1 a4 17. Rab1 Qb4 18. Rdc1 Qxc4 19. Ncb5 Qd3 20. Qxd3 Nxd3 21.
Rd1 cxb5 22. Rxd3 Bd7 23. Nc2 Be6 24. Nb4 Rfd8 25. Bd4 Bc4 26. Rdd1 Be5 27. Kf2
Rac8 28. Ke3 g5 29. Kf2 Be6 30. a3 Bb3 31. Rd2 f6 32. g3 Bxd4+ 33. Rxd4 Kf7 34.
Rh1 h6 35. h4 Kg6 36. hxg5 hxg5 37. Ke3 Rd7 38. Rh2 Rc4 39. Rh8 Rxd4 40. Kxd4
Kg7 41. Rc8 Kf7 42. f4 gxf4 43. gxf4 Bc4 44. f5 Bb3 45. Rh8 Kg7 46. Rc8 Kf7 47.
Nd5 Ba2 48. Nf4 Bb3 49. Nd5 Ba2 50. Rh8 Kg7 51. Ra8 Bb3 52. Ra5 Bc4 53. Nc3 Rc7
54. Nd5 Rc5 55. Ne3 Bb3 56. Ra8 Kf7 57. Rh8 Kg7 58. Rd8 Rc1 59. Rxd6 Rb1 60.
Rd7+ Kf8 61. Rxb7 Rxb2 62. Rxb5 Ra2 63. Ng4 Rxa3 64. Nxf6 Bc2 65. Ke5 Re3 66.
Rb8+ Kg7 67. Rb7+ Kf8 68. Nh7+ Ke8 69. Ng5 Bb3 70. f6 a3 71. f7+ Bxf7 72. Nxf7
1-0

[Event "International Championship of Central S"]
[Site "Paracin"]
[Date "2014.07.05"]
[Round "3.2"]
[White "Radovanovic, Miroljub B"]
[Black "Colovic, Zoran"]
[Result "1/2-1/2"]
[WhiteElo "1974"]
[BlackElo "2088"]
[PlyCount "42"]
[EventDate "2014.07.04"]

1. e4 e5 2. Nf3 Nc6 3. Bc4 Bc5 4. O-O Nf6 5. d3 O-O 6. Nc3 d6 7. Bg5 Bg4 8. h3
Bh5 9. a3 h6 10. Bh4 Nd4 11. g4 Bg6 12. Nxd4 Bxd4 13. Nd5 c6 14. Nxf6+ gxf6 15.
Qf3 Kg7 16. c3 Bc5 17. b4 Bb6 18. a4 a6 19. a5 Ba7 20. Bb3 Qe7 21. c4 Bd4
1/2-1/2

[Event "International Championship of Central S"]
[Site "Paracin"]
[Date "2014.07.05"]
[Round "3.3"]
[White "Petrovic, Marija"]
[Black "Dyulgerov, Dimitar"]
[Result "1/2-1/2"]
[WhiteElo "2087"]
[BlackElo "1977"]
[PlyCount "136"]
[EventDate "2014.07.04"]

1. Nf3 Nf6 2. g3 b6 3. Bg2 Bb7 4. O-O e6 5. c4 Be7 6. Nc3 O-O 7. b3 c5 8. Bb2
d5 9. cxd5 Nxd5 10. Nxd5 Bxd5 11. Rc1 Nd7 12. d4 Rc8 13. dxc5 Bxc5 14. Qd3 Nf6
15. Ne5 Bxg2 16. Kxg2 Qxd3 17. Nxd3 Bd6 18. Rfd1 Rxc1 19. Rxc1 Nd7 20. Rc6 Bb8
21. f4 Re8 22. Kf3 f6 23. e4 Kf7 24. Ke3 Ke7 25. b4 Kd8 26. a4 Bc7 27. b5 Nb8
28. Rc4 a5 29. e5 f5 30. Ba3 Kd7 31. Ne1 Rc8 32. Nf3 Bd8 33. Rd4+ Ke8 34. Kd3
Be7 35. Bd6 Nd7 36. Kd2 Nc5 37. Bxc5 Bxc5 38. Rd3 h6 39. Ke2 Rd8 40. Rxd8+ Kxd8
41. h3 Ke7 42. g4 g6 43. Nd2 Kf7 44. Kf3 Kg7 45. Nf1 Kf7 46. Ng3 Be7 47. Ne2
Bc5 48. Nc1 Kg7 49. Nb3 Be7 50. Nd2 Bc5 51. Nc4 Kf7 52. Kg3 Kg7 53. Nb2 Kf7 54.
Nd3 Be7 55. Kf3 Ke8 56. Ke3 Kd7 57. Kd4 h5 58. gxh5 gxh5 59. Ke3 h4 60. Ne1
Bc5+ 61. Ke2 Be7 62. Nf3 Bd8 63. Kd3 Be7 64. Kc4 Bd8 65. Nd4 Be7 66. Nc6 Ba3
67. Nd4 Bc5 68. Nf3 Be7 1/2-1/2

[Event "International Championship of Central S"]
[Site "Paracin"]
[Date "2014.07.05"]
[Round "3.4"]
[White "Ostojic, Nikola M"]
[Black "Stojkovic, Zoran"]
[Result "1-0"]
[WhiteElo "2074"]
[BlackElo "1971"]
[PlyCount "67"]
[EventDate "2014.07.04"]

1. d4 d5 2. Nf3 Nf6 3. c4 e6 4. Nc3 Bb4 5. Qa4+ Nc6 6. Ne5 Bd7 7. Nxd7 Qxd7 8.
e3 Ne4 9. Qc2 Nxc3 10. bxc3 Bd6 11. Bd3 h6 12. O-O O-O 13. Rb1 b6 14. f3 dxc4
15. Bxc4 Na5 16. Ba6 Qe7 17. e4 c5 18. e5 Bc7 19. Ba3 Rad8 20. Qe4 Rd5 21. Bd3
g6 22. f4 Rfd8 23. Qe2 Qd7 24. Be4 Qa4 25. Bxd5 Rxd5 26. Bc1 cxd4 27. cxd4 Nc6
28. Be3 b5 29. Rfc1 Nxd4 30. Bxd4 Qxd4+ 31. Kh1 Bb6 32. Rxb5 Rxb5 33. Qxb5 Qxf4
34. Rf1 1-0

[Event "International Championship of Central S"]
[Site "Paracin"]
[Date "2014.07.05"]
[Round "3.5"]
[White "Trifunovic, Borisav"]
[Black "Marjanovics, Gyorgy"]
[Result "0-1"]
[WhiteElo "1951"]
[BlackElo "2070"]
[PlyCount "87"]
[EventDate "2014.07.04"]

1. d4 d5 2. c4 Nc6 3. cxd5 Qxd5 4. e3 e5 5. Nc3 Bb4 6. Bd2 Bxc3 7. bxc3 Nf6 8.
c4 Qd6 9. d5 Ne7 10. Qb3 a5 11. f3 e4 12. Bc3 O-O 13. Qb2 exf3 14. Nxf3 Nf5 15.
Bxf6 gxf6 16. Kf2 Nh6 17. Qd4 Ng4+ 18. Kg1 b6 19. Bd3 Ne5 20. Bc2 Re8 21. h3
Nxf3+ 22. gxf3 Qg3+ 23. Kf1 Qxf3+ 24. Kg1 Qg3+ 25. Kf1 Bxh3+ 26. Rxh3 Qxh3+ 27.
Ke2 Re5 28. Re1 Rae8 29. Kd2 Kf8 30. Qf4 Qg2+ 31. Re2 Qg5 32. Qd4 h5 33. Ba4
Re4 34. Qc3 R8e5 35. Qd3 h4 36. Bc6 Rg4 37. d6 cxd6 38. Qxd6+ Kg7 39. Bd5 Rd4+
40. Kc2 Rxe3 41. Rf2 Rc3+ 42. Kxc3 Qe3+ 43. Kb2 Qxf2+ 44. Kc3 0-1

[Event "International Championship of Central S"]
[Site "Paracin"]
[Date "2014.07.05"]
[Round "3.6"]
[White "Farkas, Sandor I"]
[Black "Dimitrijevic, Dusan"]
[Result "0-1"]
[WhiteElo "1901"]
[BlackElo "2067"]
[PlyCount "30"]
[EventDate "2014.07.04"]

1. e4 d5 2. exd5 Nf6 3. d4 Nxd5 4. c4 Nb6 5. b3 e5 6. d5 c6 7. Qe2 Bb4+ 8. Bd2
Bxd2+ 9. Nxd2 O-O 10. O-O-O cxd5 11. Qxe5 Nc6 12. Qf4 Qe7 13. Kb2 Qb4 14. Ne2
Na4+ 15. Kc2 Qa3 0-1

[Event "International Championship of Central S"]
[Site "Paracin"]
[Date "2014.07.05"]
[Round "3.7"]
[White "Arandjelovic, Aleksandar Z"]
[Black "Dragojevic, Dragan"]
[Result "1-0"]
[WhiteElo "2060"]
[BlackElo "1953"]
[PlyCount "51"]
[EventDate "2014.07.04"]

1. d4 d5 2. c4 e5 3. dxe5 d4 4. Nf3 c5 5. b4 Qb6 6. g3 Qxb4+ 7. Nbd2 Qa5 8. Bg2
Nc6 9. O-O Qc7 10. Rb1 Nge7 11. Ne4 Ng6 12. h4 Ngxe5 13. Nxe5 Nxe5 14. Bf4 Rb8
15. Qa4+ Bd7 16. Qxa7 f6 17. Rb6 Be7 18. Rfb1 Bc8 19. Nd2 Bd6 20. Bd5 Ke7 21.
Ne4 Rd8 22. Bd2 Ke8 23. Ba5 Nc6 24. Rxc6 bxc6 25. Nxd6+ Qxd6 26. Qf7# 1-0

[Event "International Championship of Central S"]
[Site "Paracin"]
[Date "2014.07.05"]
[Round "3.8"]
[White "Ljangov, Petar"]
[Black "Zivanovic, Blagoje"]
[Result "1/2-1/2"]
[WhiteElo "2046"]
[BlackElo "1931"]
[PlyCount "122"]
[EventDate "2014.07.04"]

1. e4 e5 2. Nf3 Nf6 3. Nxe5 d6 4. Nc4 Nxe4 5. Qe2 Qe7 6. d3 Nf6 7. Bg5 Be6 8.
Nc3 d5 9. Nd2 c6 10. Nb3 h6 11. Bh4 g5 12. Bg3 Bg7 13. Nd4 Nh5 14. Nxe6 Qxe6
15. Kd2 Nxg3 16. Qxe6+ fxe6 17. hxg3 O-O 18. Nd1 Nd7 19. Be2 Rae8 20. Re1 e5
21. Rf1 Nc5 22. c3 d4 23. cxd4 exd4 24. Bg4 Na6 25. Rc1 Nb4 26. a3 Nd5 27. Re1
Rxe1 28. Kxe1 Re8+ 29. Kf1 Nf4 30. Bf3 h5 31. Rc2 g4 32. Be2 Nd5 33. Kg1 Kf7
34. Kf1 Kg6 35. Kg1 Kf5 36. Kf1 Kg6 37. Kg1 Bf6 38. Kf1 Kf5 39. Kg1 Bg5 40. Kf1
Ke6 41. f4 gxf3 42. gxf3 Rf8 43. Kg2 Rg8 44. Kh3 Kd6 45. Bf1 Be3 46. Rg2 Ke6
47. f4 Kf5 48. Be2 Bxf4 49. Bf3 Bd6 50. Bxd5 cxd5 51. Rf2+ Ke6 52. Re2+ Kd7 53.
Rg2 Rf8 54. Rf2 Rg8 55. Rg2 Ke6 56. Re2+ Be5 57. Rg2 Rg4 58. Rg1 Rg5 59. Kh4
Rg8 60. Rg2 Rf8 61. Rf2 Rg8 1/2-1/2

[Event "International Championship of Central S"]
[Site "Paracin"]
[Date "2014.07.05"]
[Round "3.9"]
[White "Chetina, Elizaveta"]
[Black "Lazic, Milan B"]
[Result "1/2-1/2"]
[WhiteElo "1890"]
[BlackElo "2022"]
[PlyCount "41"]
[EventDate "2014.07.04"]

1. e4 c5 2. Nf3 Nc6 3. d4 cxd4 4. Nxd4 g6 5. c4 Bg7 6. Be3 Nf6 7. Nc3 Ng4 8.
Qxg4 Nxd4 9. Qd1 Ne6 10. Rc1 Qa5 11. Be2 g5 12. Qd2 Be5 13. O-O h5 14. Rfd1 d6
15. f3 Bd7 16. b3 Nf4 17. Bf1 Ne6 18. Be2 Nf4 19. Bf1 Ne6 20. Be2 Nf4 21. Bf1
1/2-1/2

[Event "International Championship of Central S"]
[Site "Paracin"]
[Date "2014.07.05"]
[Round "3.10"]
[White "Gagic, Miroljub"]
[Black "Majstorovic, Dusan"]
[Result "0-1"]
[WhiteElo "1851"]
[BlackElo "2022"]
[PlyCount "30"]
[EventDate "2014.07.04"]

1. Nf3 g6 2. g3 Bg7 3. Bg2 Nc6 4. d4 d5 5. O-O Nf6 6. Ne5 O-O 7. Nxc6 bxc6 8.
c4 Ba6 9. c5 Nd7 10. Re1 e5 11. e3 Qf6 12. dxe5 Nxe5 13. Bd2 Nd3 14. Bc3 Qxf2+
15. Kh1 Nxe1 0-1

[Event "International Championship of Central S"]
[Site "Paracin"]
[Date "2014.07.05"]
[Round "3.11"]
[White "Nikolovski, Nikola"]
[Black "Molcanov, Sergej"]
[Result "1-0"]
[WhiteElo "2017"]
[BlackElo "1907"]
[PlyCount "94"]
[EventDate "2014.07.04"]

1. e4 c6 2. d4 d5 3. Nd2 dxe4 4. Nxe4 Bf5 5. Ng3 Bg6 6. Nf3 Nf6 7. h4 h6 8. Bc4
e6 9. Qe2 Nd5 10. Bb3 Bb4+ 11. Bd2 Nf4 12. Qf1 Bxd2+ 13. Kxd2 O-O 14. Rd1 b5
15. Ne2 Nd5 16. Kc1 a5 17. Bxd5 Qxd5 18. Kb1 Qf5 19. Rd2 Nd7 20. h5 Bh7 21. Rh4
b4 22. Nc1 Qd5 23. Nd3 Rfb8 24. Nf4 Qd6 25. Qc4 b3 26. axb3 Rb4 27. Qc3 a4 28.
Nd3 Bxd3 29. Rxd3 axb3 30. cxb3 Rb6 31. Ne5 Rba6 32. Kc2 Nf6 33. Qc5 Qd8 34.
Rc3 Nd5 35. Rg4 Nxc3 36. bxc3 Ra2+ 37. Kd3 Rxf2 38. Nxc6 Qf6 39. Kc4 Rb2 40.
Qe5 Qxe5 41. Nxe5 Kf8 42. b4 f6 43. Kc5 fxe5 44. b5 e4 45. Rxe4 Rxg2 46. b6 Rb2
47. Rxe6 Rc8+ 1-0

[Event "International Championship of Central S"]
[Site "Paracin"]
[Date "2014.07.05"]
[Round "3.12"]
[White "Milosevic, Jovana"]
[Black "Raykov, Stefan"]
[Result "1/2-1/2"]
[WhiteElo "1990"]
[BlackElo "1845"]
[PlyCount "126"]
[EventDate "2014.07.04"]

1. Nf3 c5 2. c4 Nc6 3. d4 cxd4 4. Nxd4 Nf6 5. Nc3 g6 6. e4 d6 7. Be2 Bg7 8. Be3
O-O 9. O-O Bd7 10. Qd2 Rc8 11. f3 b6 12. Nc2 Ne8 13. Rab1 f5 14. exf5 Bxf5 15.
b3 Nc7 16. Bd3 Ne6 17. Rbd1 Bxd3 18. Qxd3 Nf4 19. Bxf4 Rxf4 20. Nd5 Rf7 21. f4
Qd7 22. Nde3 Rcf8 23. Qe4 Nd8 24. g3 Kh8 25. Nd4 e5 26. fxe5 Rxf1+ 27. Rxf1
Rxf1+ 28. Kxf1 dxe5 29. Nf3 Qc6 30. Nd5 Nf7 31. Kg2 Qd7 32. Ne3 Qd6 33. Qa8+
Qf8 34. Qd5 h6 35. Nh4 Kh7 36. Qe6 Nh8 37. Nd5 Qf7 38. Qxf7 Nxf7 39. Ne7 g5 40.
Nhf5 Bf8 41. Nc8 Kg6 42. Nfe7+ Bxe7 43. Nxe7+ Kf6 44. Nc8 e4 45. Nxa7 Ne5 46.
Nb5 Nd3 47. Nc3 Ke5 48. Ne2 g4 49. Kf1 e3 50. Nc3 Kd4 51. Nb5+ Ke4 52. Nc3+ Kf3
53. Ne2 Ke4 54. a3 Ne5 55. Ke1 Nf3+ 56. Kd1 Nxh2 57. b4 Nf3 58. c5 bxc5 59.
bxc5 Kd5 60. Nc3+ Ke5 61. Ke2 Kd4 62. Nb5+ Ke4 63. Nd6+ Kd5 1/2-1/2

[Event "International Championship of Central S"]
[Site "Paracin"]
[Date "2014.07.05"]
[Round "3.13"]
[White "Konstantinov, Aleksandar"]
[Black "Ivic, Matija"]
[Result "1/2-1/2"]
[WhiteElo "1828"]
[BlackElo "1988"]
[PlyCount "40"]
[EventDate "2014.07.04"]

1. c4 c5 2. Nc3 g6 3. g3 Bg7 4. Bg2 Nc6 5. e4 Rb8 6. Nge2 a6 7. O-O d6 8. d3 b5
9. f4 Nd4 10. Rb1 e6 11. Kh1 Ne7 12. b3 O-O 13. Be3 Nec6 14. Qd2 f5 15. exf5
gxf5 16. Bxd4 Nxd4 17. Nxd4 cxd4 18. Ne2 Qb6 19. Ng1 Bb7 20. Bxb7 Rxb7 1/2-1/2

[Event "International Championship of Central S"]
[Site "Paracin"]
[Date "2014.07.05"]
[Round "3.14"]
[White "Djordjevic, Danilo"]
[Black "Nikic, Dragan"]
[Result "1-0"]
[WhiteElo "2080"]
[BlackElo "1840"]
[PlyCount "68"]
[EventDate "2014.07.04"]

1. e4 e5 2. Nc3 Nf6 3. Bc4 Be7 4. d3 h6 5. f4 exf4 6. Bxf4 d6 7. Nf3 Nc6 8. d4
Bg4 9. O-O a6 10. a4 Nh5 11. Be3 Qd7 12. Bxf7+ Kxf7 13. Ne5+ Ke8 14. Nxg4 Nf6
15. Nxf6+ Bxf6 16. Nd5 Rf8 17. Qh5+ Kd8 18. Nxf6 gxf6 19. Qxh6 Qe7 20. Bg5 Kd7
21. Bxf6 Rxf6 22. Qxf6 Qxf6 23. Rxf6 Nxd4 24. Rf7+ Kc6 25. h4 Re8 26. Re1 Kb6
27. Rf2 Ka5 28. b3 Re5 29. Rd2 c5 30. Re3 d5 31. b4+ Kxa4 32. bxc5 Nf5 33. exf5
Rxe3 34. f6 Re4 1-0

[Event "International Championship of Central S"]
[Site "Paracin"]
[Date "2014.07.05"]
[Round "3.15"]
[White "Rajic, Momcilo"]
[Black "Isak, Igor G"]
[Result "0-1"]
[WhiteElo "1923"]
[BlackElo "2062"]
[PlyCount "94"]
[EventDate "2014.07.04"]

1. e4 c5 2. Bc4 e6 3. Nc3 Nc6 4. Nf3 a6 5. d4 cxd4 6. Nxd4 Qc7 7. Nxc6 bxc6 8.
Be3 d5 9. Bd3 Bd6 10. h4 Ne7 11. O-O Ng6 12. Na4 O-O 13. Nb6 Rb8 14. Nxc8 Qxc8
15. Rb1 Qc7 16. a3 a5 17. Qd2 Bf4 18. exd5 Bxe3 19. Qxe3 cxd5 20. Bxg6 hxg6 21.
c3 Rb3 22. Rfc1 Rfb8 23. Rc2 Rxa3 24. Rd1 Ra2 25. Qe2 Ra4 26. g3 Re4 27. Qd3
Qe5 28. Qd2 a4 29. Ra1 g5 30. Kg2 g6 31. Qd3 Kg7 32. Qa6 Rc4 33. f3 Rh8 34. Rf2
Qf5 35. g4 Qf4 36. Re1 Rhc8 37. Rfe2 Qb8 38. Ra1 R8c6 39. Qa5 Qf4 40. Rae1 Qf6
41. Re5 Rf4 42. R5e3 Rd6 43. Qc5 Qd8 44. Kg3 Rc4 45. Qa7 Rd7 46. Qa6 Qb8+ 47.
Kf2 Ra7 0-1

[Event "International Championship of Central S"]
[Site "Paracin"]
[Date "2014.07.05"]
[Round "3.16"]
[White "Pribanovic, Milivoje"]
[Black "Tomic, Slobodan"]
[Result "0-1"]
[WhiteElo "1890"]
[BlackElo "2060"]
[PlyCount "88"]
[EventDate "2014.07.04"]

1. e4 e5 2. Nf3 Nc6 3. Bc4 Be7 4. O-O Nf6 5. Nc3 d6 6. h3 O-O 7. d4 Bd7 8. Re1
a6 9. a4 h6 10. Nd5 Re8 11. Nxe7+ Qxe7 12. d5 Nd8 13. Bd3 a5 14. c4 b6 15. Be3
Nb7 16. Bd2 Nc5 17. Bc2 Rf8 18. b3 Nh7 19. Rb1 Qd8 20. Kh2 f5 21. Qe2 fxe4 22.
Bxe4 Nxe4 23. Qxe4 Bf5 24. Qe3 Bxb1 25. Rxb1 Qf6 26. Qd3 Qf5 27. Qxf5 Rxf5 28.
Be3 Rf7 29. Nd2 Nf6 30. g4 Kh7 31. Kg2 g5 32. Kg3 Kg6 33. Rg1 Re8 34. Rh1 Rh8
35. Rh2 Rfh7 36. Rg2 h5 37. f3 hxg4 38. hxg4 Rh3+ 39. Kf2 Rh2 40. Kf1 Rxg2 41.
Kxg2 Re8 42. Ne4 Nxe4 43. fxe4 Rf8 44. Bd2 Rf4 0-1

[Event "International Championship of Central S"]
[Site "Paracin"]
[Date "2014.07.05"]
[Round "3.17"]
[White "Ostojic, Katarina"]
[Black "Kostic, Tomislav"]
[Result "0-1"]
[WhiteElo "1834"]
[BlackElo "2023"]
[PlyCount "88"]
[EventDate "2014.07.04"]

1. e4 c5 2. Nf3 e6 3. d4 cxd4 4. Nxd4 a6 5. Nc3 b5 6. a3 Bb7 7. Be3 Qc7 8. Qd2
Nf6 9. f3 Be7 10. O-O-O O-O 11. g4 b4 12. axb4 Bxb4 13. Nde2 d5 14. e5 Nfd7 15.
Bd4 Nc6 16. f4 Nxd4 17. Qxd4 Bc5 18. Qd3 a5 19. Nb5 Qb6 20. Ned4 Ba6 21. Qb3 a4
22. Qc3 Rfc8 23. Na3 Be7 24. Qf3 Bxf1 25. Rhxf1 Rab8 26. Nab5 Rc4 27. Qf2 Nc5
28. c3 Ne4 29. Qc2 a3 30. b3 Rc5 31. b4 Rc4 32. Rf3 Bxb4 33. cxb4 Rxc2+ 34.
Kxc2 Rc8+ 35. Kb3 Rc4 36. Kxa3 Qd8 37. f5 Qe7 38. Rb3 exf5 39. Nxf5 Qxe5 40.
Rbd3 Nc3 41. Nbd6 Nxd1 42. Nxc4 Qa1+ 43. Kb3 dxc4+ 44. Kxc4 Nb2+ 0-1

[Event "International Championship of Central S"]
[Site "Paracin"]
[Date "2014.07.05"]
[Round "3.18"]
[White "Djoric, Krsta"]
[Black "Bozinovic, Boban"]
[Result "1/2-1/2"]
[WhiteElo "1801"]
[BlackElo "2011"]
[PlyCount "101"]
[EventDate "2014.07.04"]

1. e4 c5 2. f4 Nc6 3. c3 d5 4. e5 e6 5. Nf3 Nge7 6. Na3 Nf5 7. Bd3 Be7 8. O-O
a6 9. Nc2 O-O 10. Bxf5 exf5 11. d4 Be6 12. Be3 c4 13. Qe1 b5 14. a3 Qb6 15. Bf2
Rfb8 16. Bh4 a5 17. Bxe7 Nxe7 18. Ng5 h6 19. Nxe6 fxe6 20. Rf3 Ng6 21. Qg3 Kh7
22. h4 Nf8 23. Raf1 Qa7 24. h5 b4 25. axb4 axb4 26. Qh3 b3 27. Ne3 Qe7 28. g4
fxg4 29. Qxg4 Ra2 30. R3f2 Rba8 31. Rg2 Ra1 32. Rxa1 Rxa1+ 33. Kh2 Ra7 34. f5
exf5 35. Qxf5+ Kg8 36. Nxd5 Qh4+ 37. Qh3 Qe1 38. Qg3 Qd1 39. Qg4 Qe1 40. Nf6+
Kh8 41. Ne8 Qf1 42. Nxg7 Ra1 43. Nf5 Qh1+ 44. Kg3 Qe1+ 45. Kf4 Ne6+ 46. Kf3
Ng5+ 47. Kf4 Qe4+ 48. Kg3 Qe1+ 49. Kf4 Qf1+ 50. Kg3 Qe1+ 51. Kf4 1/2-1/2

[Event "International Championship of Central S"]
[Site "Paracin"]
[Date "2014.07.05"]
[Round "3.19"]
[White "Manelidis, Savvas"]
[Black "Zlatanovic, Jovana"]
[Result "1-0"]
[WhiteElo "2000"]
[BlackElo "1741"]
[PlyCount "43"]
[EventDate "2014.07.04"]

1. e4 c5 2. Nf3 d6 3. d4 cxd4 4. c3 dxc3 5. Nxc3 a6 6. Bc4 e6 7. O-O Be7 8. Qe2
Nf6 9. Rd1 Qc7 10. Bf4 b5 11. Bb3 Nbd7 12. Rac1 Qb8 13. Nd4 Ne5 14. a4 b4 15.
Bxe5 bxc3 16. Bxf6 cxb2 17. Rxc8+ Qxc8 18. Bxe7 b1=Q 19. Rxb1 Kxe7 20. e5 Rd8
21. exd6+ Rxd6 22. Nf5+ 1-0

[Event "International Championship of Central S"]
[Site "Paracin"]
[Date "2014.07.05"]
[Round "3.20"]
[White "Aleksic, Neven"]
[Black "Ratkovic, Petar"]
[Result "1-0"]
[WhiteElo "1981"]
[BlackElo "1800"]
[PlyCount "77"]
[EventDate "2014.07.04"]

1. d4 d5 2. c4 c6 3. Nc3 Nf6 4. Nf3 e6 5. e3 Nbd7 6. Bd3 Bd6 7. O-O O-O 8. b3
e5 9. cxd5 cxd5 10. Nb5 Bb8 11. dxe5 Nxe5 12. Be2 a6 13. Nbd4 Qd6 14. g3 Bh3
15. Re1 Ne4 16. Nxe5 Qxe5 17. Bf3 Bd6 18. a3 Rac8 19. Bb2 Rfd8 20. Qe2 Qg5 21.
Rac1 Qe7 22. Bg4 Bxg4 23. Qxg4 Rxc1 24. Rxc1 Nf6 25. Qh4 Qe4 26. Qxe4 Nxe4 27.
Nf5 Bf8 28. Rc7 Nc5 29. b4 Nd3 30. Ba1 b5 31. Kf1 g6 32. Nd4 Ne5 33. Ne6 Nc6
34. Rxc6 Ra8 35. Bd4 a5 36. bxa5 Bxa3 37. a6 b4 38. a7 b3 39. Rb6 1-0

[Event "International Championship of Central S"]
[Site "Paracin"]
[Date "2014.07.05"]
[Round "3.21"]
[White "Blagojevic, Nikola"]
[Black "Ilic, Sladjan"]
[Result "1/2-1/2"]
[WhiteElo "1671"]
[BlackElo "1978"]
[PlyCount "41"]
[EventDate "2014.07.04"]

1. e4 e5 2. Nf3 Nc6 3. Bb5 a6 4. Ba4 Nf6 5. d3 d6 6. h3 Be7 7. O-O b5 8. Bb3
O-O 9. a3 h6 10. Re1 Na5 11. Ba2 c5 12. Nbd2 Bd7 13. Nf1 Rc8 14. Ne3 Qb6 15.
Nd5 Nxd5 16. Bxd5 Kh7 17. Bd2 Be6 18. Bxa5 Qxa5 19. Bxe6 fxe6 20. Qd2 Qxd2 21.
Nxd2 1/2-1/2

[Event "International Championship of Central S"]
[Site "Paracin"]
[Date "2014.07.05"]
[Round "3.22"]
[White "Zajic, Milun"]
[Black "Miljkovic, Jovana"]
[Result "1-0"]
[WhiteElo "1970"]
[BlackElo "1674"]
[PlyCount "81"]
[EventDate "2014.07.04"]

1. e4 c5 2. c4 Nc6 3. Nc3 g6 4. g3 Bg7 5. Bg2 e6 6. Nge2 Nge7 7. d3 O-O 8. O-O
d6 9. Be3 Nd4 10. Rb1 Rb8 11. h3 a6 12. b4 Bd7 13. bxc5 dxc5 14. Bf4 e5 15. Bg5
f6 16. Be3 b5 17. Nd5 Nxd5 18. cxd5 Qa5 19. Nxd4 cxd4 20. Bd2 Qc7 21. Qb3 Kh8
22. Rfc1 Qb7 23. Ba5 Rfc8 24. d6 Rxc1+ 25. Rxc1 Rc8 26. Rc7 Rxc7 27. dxc7 Qc6
28. Qd5 Qxd5 29. exd5 Bf8 30. d6 Bxd6 31. Bb7 Bxh3 32. c8=Q+ Bxc8 33. Bxc8 Kg7
34. Bxa6 b4 35. Kg2 f5 36. Kf3 g5 37. g4 fxg4+ 38. Kxg4 Kg6 39. Bc8 h5+ 40. Kf3
g4+ 41. Ke4 1-0

[Event "International Championship of Central S"]
[Site "Paracin"]
[Date "2014.07.05"]
[Round "3.23"]
[White "Mijajlovic, Jovan"]
[Black "Jakovljevic, Dejan"]
[Result "0-1"]
[WhiteElo "1602"]
[BlackElo "1962"]
[PlyCount "46"]
[EventDate "2014.07.04"]

1. e4 e6 2. d4 d5 3. exd5 exd5 4. Bd3 Nc6 5. c3 Bd6 6. Ne2 Bg4 7. f3 Be6 8. Bf4
Nge7 9. Nd2 Nf5 10. Kf2 g5 11. Bxd6 Qxd6 12. Qc2 Nce7 13. g3 h5 14. f4 f6 15.
Nf1 O-O-O 16. Ne3 Nxe3 17. Kxe3 Bg4 18. Rhf1 Qe6+ 19. Kd2 Nf5 20. Bxf5 Bxf5 21.
Qa4 Rhe8 22. Rf2 Bd3 23. Qxa7 Qe3+ 0-1

[Event "International Championship of Central S"]
[Site "Paracin"]
[Date "2014.07.05"]
[Round "3.24"]
[White "Petrovic, Milan M"]
[Black "Milosevic, Milica"]
[Result "1-0"]
[WhiteElo "1953"]
[BlackElo "1599"]
[PlyCount "105"]
[EventDate "2014.07.04"]

1. e4 c5 2. Nc3 d6 3. f4 e6 4. Nf3 Nc6 5. Bc4 Nge7 6. d3 g6 7. O-O Bg7 8. Qe1
a6 9. a3 Nd4 10. Nxd4 Bxd4+ 11. Kh1 O-O 12. Ne2 Bg7 13. Qh4 d5 14. Ba2 dxe4 15.
dxe4 b5 16. c3 Bb7 17. Ng3 Nc6 18. Qg4 c4 19. Be3 Qe7 20. Rae1 Qc7 21. Bb1 Rad8
22. h4 f5 23. Qh3 Rfe8 24. h5 Kf7 25. exf5 exf5 26. Nxf5 Bc8 27. h6 Bf6 28. g4
gxf5 29. g5 Bh8 30. Bxf5 Bb7 31. Bxh7 Ne7+ 32. Kg1 Qc6 33. f5 Rf8 34. Qh5+ Ng6
35. Bxg6+ Ke7 36. Bc5+ Kd7 37. Re7+ Kc8 38. Qe2 Qxc5+ 39. Qe3 Qc6 40. Qe6+ Qxe6
41. Rxe6 Kc7 42. h7 Rd2 43. Rf2 Rdd8 44. f6 Rd5 45. Bf5 Bc8 46. Re7+ Kd8 47.
Bxc8 Rxg5+ 48. Rg2 Rxg2+ 49. Kxg2 Bxf6 50. Ra7 Bh8 51. Bxa6 Rf5 52. Ra8+ Ke7
53. Rxh8 1-0

[Event "International Championship of Central S"]
[Site "Paracin"]
[Date "2014.07.05"]
[Round "3.25"]
[White "Hereklioglu, Sude"]
[Black "Tosic, Dragoljub"]
[Result "0-1"]
[WhiteElo "1641"]
[BlackElo "1952"]
[PlyCount "192"]
[EventDate "2014.07.04"]

1. e4 d6 2. d4 Nf6 3. Nc3 g6 4. f3 Bg7 5. Be3 c6 6. Qd2 h5 7. h4 a5 8. Nh3 a4
9. a3 Qa5 10. Be2 Na6 11. Nf2 Be6 12. Nd3 Bc4 13. O-O e5 14. Nc1 Bxe2 15. N1xe2
Nc7 16. Rfd1 Ne6 17. d5 cxd5 18. Nxd5 Nxd5 19. Qxd5 Qxd5 20. Rxd5 Ke7 21. Rad1
Ra6 22. Rb5 Rb8 23. Nc3 Nc7 24. Rb6 Rxb6 25. Bxb6 Ne8 26. Nxa4 f5 27. Nc3 Ke6
28. Nd5 Rc8 29. c3 Rc4 30. b3 Rc6 31. c4 Nf6 32. Nxf6 Bxf6 33. Bf2 Rc8 34. Kf1
Be7 35. Rd5 Rf8 36. g3 fxe4 37. fxe4 g5 38. hxg5 Bxg5 39. Ke2 Rf7 40. Be3 Bd8
41. Bf2 Rg7 42. Rd1 Rg4 43. Kf3 Rg7 44. Rh1 Rf7+ 45. Ke2 Rh7 46. g4 h4 47. Be3
Rg7 48. Kf3 Rf7+ 49. Kg2 Rg7 50. Kf3 Rf7+ 51. Ke2 Rg7 52. Rg1 h3 53. Kf3 Bh4
54. g5 Rf7+ 55. Kg4 h2 56. Rh1 Bf2 57. g6 Rf6 58. g7 Kf7 59. Bg5 Rg6 60. Rxh2
Be3 61. Rh5 Rxg7 62. Kf5 Bxg5 63. Rxg5 Rh7 64. Rg3 Rh4 65. b4 Rf4+ 66. Kg5 Rxe4
67. Rc3 Ke6 68. b5 b6 69. a4 Re1 70. Rb3 Rg1+ 71. Kh4 Ra1 72. Rg3 Rxa4 73. Rg6+
Ke7 74. Rg7+ Kf6 75. Rb7 Rxc4+ 76. Kg3 Kf5 77. Rxb6 Rc3+ 78. Kf2 d5 79. Rb8 Ke4
80. b6 Rc2+ 81. Kg3 Rb2 82. b7 d4 83. Kg4 Rb5 84. Kg3 Kd3 85. Re8 Rxb7 86. Rxe5
Rf7 87. Rd5 Ke3 88. Re5+ Kd2 89. Rd5 d3 90. Kg2 Ke2 91. Re5+ Kd1 92. Rd5 d2 93.
Rd8 Rc7 94. Ra8 Ke2 95. Re8+ Kd3 96. Rd8+ Kc2 0-1

[Event "International Championship of Central S"]
[Site "Paracin"]
[Date "2014.07.05"]
[Round "3.26"]
[White "Jovanovic, Ivan M"]
[Black "Madic, Zivko"]
[Result "1/2-1/2"]
[WhiteElo "1757"]
[BlackElo "2073"]
[PlyCount "88"]
[EventDate "2014.07.04"]

1. d4 Nf6 2. Nf3 g6 3. Nc3 d5 4. Bf4 Bg7 5. Qd2 Ne4 6. Qe3 Nxc3 7. Qxc3 c6 8.
Qd2 h6 9. Be5 f6 10. Bg3 O-O 11. e3 Be6 12. Bd3 Bf7 13. Nh4 Qe8 14. Qb4 b6 15.
c3 e5 16. Qd6 e4 17. Be2 Qd7 18. Qxd7 Nxd7 19. Bd6 Rfe8 20. Ba6 Re6 21. Bc7
Rae8 22. g4 Nb8 23. Be2 R6e7 24. Bg3 Kh7 25. Ng2 g5 26. Kd2 Be6 27. b4 Nd7 28.
h3 Nf8 29. a4 Rf7 30. b5 c5 31. a5 f5 32. h4 gxh4 33. Rxh4 fxg4 34. Bxg4 Ng6
35. Bxe6 Rxe6 36. Rh5 Rd7 37. Nf4 Nxf4 38. Bxf4 cxd4 39. cxd4 Bf8 40. axb6 Rxb6
41. Ra6 Rxa6 42. bxa6 Bg7 43. Rh1 Rf7 44. Rh5 Rd7 1/2-1/2